00872cam a2200289 a 450000100090000000300040000900500170001300800410003001000170007102000150008802000150010303500210011804000200013904200100015904300120016908200130018110000240019424500990021826000610031730000200037844000300039850000180042850400540044665000280050065100280052870000260055611912414OSt20230622153713.0990930s1998 ke bs 000 0 eng  a 99891193  a9966900675 z9966900765 a(DLC) 99891193 aDLCcDLCd21DLC alcode af-gh---00a330bDOR1 aDordunoo, Cletus K.10aGhana :bmonetary targeting and economic development /cby Cletus K. Dordunoo and Alex Donkor. aNairobi :bAfrican Economic Research Consortium,cc1998. a43 p. ;c25 cm. 0aAERC research paper ;v77 a"March 1998." aIncludes bibliographical references (p. [37]-38). 0aMonetary policyzGhana. 0aGhanaxEconomic policy.1 aDonkor, Alex Ambrose.